Capital to Country#2 - Statistics

General Stats
  • This quiz has been taken 312 times
  • The average score is 14 of 15
Answer Stats
Capital Country % Correct
Tokyo Japan
98%
Madrid Spain
98%
Beijing China
97%
New delhi India
95%
Amsterdam Netherlands
95%
Oslo Norway
94%
Lisbon Portugal
94%
Brussels Belgium
93%
Dublin Ireland
93%
Stockholm Sweden
93%
Helsinki Finland
90%
Budapest Hungary
88%
Jakarta Indonesia
82%
Bucharest Romania
80%
Manila Philippines
68%
No matching quizzes found
Score Distribution
Percent of People with Each Score
Percentile by Number Answered
Your Score History
You have not taken this quiz